LIBRARY & INFORMATION CENTRE, KCAET, TAVANUR

ONLINE PUBLIC ACCESS CATALOGUE (OPAC)

Singular man / (Record no. 6887)

MARC details
000 -LEADER
fixed length control field 00371cam a2200157ua 4500
041 ## - LANGUAGE CODE
Language code of text/sound track or separate title eng
082 ## - DEWEY DECIMAL CLASSIFICATION NUMBER
Classification number 823.308
Item number DON/SI
100 ## - MAIN ENTRY--AUTHOR NAME
Personal name Donleavy, J P .
245 ## - TITLE STATEMENT
Title Singular man /
250 ## - EDITION STATEMENT
Edition statement 1 /
260 ## - PUBLICATION, DISTRIBUTION, ETC. (IMPRINT)
Place of publication Bellomore :
Name of publisher Penguin Books ,
Year of publication 1963.
300 ## - PHYSICAL DESCRIPTION
Number of Pages 349 ; .
942 ## - ADDED ENTRY ELEMENTS (KOHA)
Koha item type Books
Holdings
Withdrawn status Lost status Damaged status Home library Current library Date acquired Full call number Accession Number Koha item type
Withdrawn     KAUAET Sanskrit University 07/04/2012 823.308 10426 Books
free website counter